| 000 | 01014nam a2200277 a 4500 | ||
|---|---|---|---|
| 001 | BRCA_8586 | ||
| 005 | 20190320210335.0 | ||
| 008 | 220816s1686----gw-#######---#000-0#dut-# | ||
| 041 | _adut | ||
| 044 | _agw | ||
| 050 | 4 |
_aBS1901 _b.B535 _c1686 |
|
| 245 | 1 | 0 | _aBiblia dat is de gantsche h. schristure vervattende alle des canonijcke boecken des ouden en des nieuwen testaments. |
| 260 |
_aAmsterdam _bDordrecht by H. en J. keur _c1686 |
||
| 300 |
_a1 vol. (con varias paginaciones) _c43 cm |
||
| 500 | _aFondo antiguo | ||
| 500 | _aSe encuentra en Caja Fuerte | ||
| 500 | _aMG-7 | ||
| 500 | _aIncluye 6 mapas | ||
| 500 | _aGrabado en portada | ||
| 500 | _aTexto impreso a dos columnas | ||
| 500 | _aNota de encuadernación: piel con cartón, broches y cantoneras metálicos, el lomo se encuentra despegado | ||
| 506 | 0 | _aFondo reservado: para su consulta es necesario credencial de usuario y carta de motivos | |
| 650 | 1 | 4 |
_aBiblia _eConcordancias _vHolandés _921490 |
| 902 | _aLAR | ||
| 942 |
_2lcc _cB |
||
| 999 |
_c8249 _d8249 |
||